<?xml version="1.0" encoding="UTF-8"?>
<record
    xmlns:xsi="http://www.w3.org/2001/XMLSchema-instance"
    xsi:schemaLocation="http://www.loc.gov/MARC21/slim http://www.loc.gov/standards/marcxml/schema/MARC21slim.xsd"
    xmlns="http://www.loc.gov/MARC21/slim">

  <leader>02219nam a2200349 i 4500</leader>
  <controlfield tag="003">DO-SdBNP</controlfield>
  <controlfield tag="005">20250227073855.0</controlfield>
  <controlfield tag="007">ta</controlfield>
  <controlfield tag="008">240724b2015    dr ||||| |||| 00| 0 spa d</controlfield>
  <datafield tag="020" ind1=" " ind2=" ">
    <subfield code="a">9789945586459</subfield>
  </datafield>
  <datafield tag="040" ind1=" " ind2=" ">
    <subfield code="a">DO-SdBNP</subfield>
    <subfield code="b">spa</subfield>
    <subfield code="c">BNPHU</subfield>
    <subfield code="e">rda</subfield>
  </datafield>
  <datafield tag="082" ind1=" " ind2="4">
    <subfield code="a">RD863.3</subfield>
    <subfield code="b">P418c, 2015</subfield>
    <subfield code="2">22</subfield>
  </datafield>
  <datafield tag="100" ind1="1" ind2=" ">
    <subfield code="a">Penson, C&#xE9;sar Nicol&#xE1;s,   </subfield>
    <subfield code="d">1855-1901 </subfield>
    <subfield code="9">6475</subfield>
    <subfield code="e">autor</subfield>
  </datafield>
  <datafield tag="245" ind1="1" ind2="0">
    <subfield code="a">Cosas a&#xF1;ejas :</subfield>
    <subfield code="b">tradiciones y episodios de Santo Domingo /</subfield>
    <subfield code="c">C&#xE9;sar Nicol&#xE1;s Penson ; pr&#xF3;logo y notas, Rita Tejada ; presentaci&#xF3;n, Di&#xF3;genes C&#xE9;spedes ; cuidado de edici&#xF3;n, Eric Sim&#xF3;</subfield>
  </datafield>
  <datafield tag="264" ind1=" " ind2=" ">
    <subfield code="a">Santo Domingo :</subfield>
    <subfield code="b">Archivo General de la Naci&#xF3;n,</subfield>
    <subfield code="c">2015.</subfield>
  </datafield>
  <datafield tag="300" ind1=" " ind2=" ">
    <subfield code="a">453 p&#xE1;ginas ;</subfield>
    <subfield code="c">23 cm.</subfield>
  </datafield>
  <datafield tag="336" ind1=" " ind2=" ">
    <subfield code="2">rdacontent</subfield>
    <subfield code="a">texto</subfield>
    <subfield code="b">txt</subfield>
  </datafield>
  <datafield tag="337" ind1=" " ind2=" ">
    <subfield code="2">rdamedia</subfield>
    <subfield code="a">sin mediaci&#xF3;n</subfield>
    <subfield code="b">n</subfield>
  </datafield>
  <datafield tag="338" ind1=" " ind2=" ">
    <subfield code="2">rdacarrier</subfield>
    <subfield code="a">volumen</subfield>
    <subfield code="b">nc</subfield>
  </datafield>
  <datafield tag="490" ind1=" " ind2=" ">
    <subfield code="a">Archivo General de la Naci&#xF3;n</subfield>
    <subfield code="v">244</subfield>
  </datafield>
  <datafield tag="500" ind1=" " ind2=" ">
    <subfield code="a">Incluye datos biogr&#xE1;ficos del autor en las solapas</subfield>
  </datafield>
  <datafield tag="500" ind1=" " ind2=" ">
    <subfield code="a">Incluye referencias bibliogr&#xE1;ficas  y notas al pie de las p&#xE1;ginas.</subfield>
  </datafield>
  <datafield tag="505" ind1=" " ind2=" ">
    <subfield code="a">Presentaci&#xF3;n/</subfield>
    <subfield code="r">Di&#xF3;genes C&#xE9;spedes--</subfield>
    <subfield code="t">Pr&#xF3;logo de esta edici&#xF3;n /</subfield>
    <subfield code="r">Rita Tejada--</subfield>
    <subfield code="t">Abreviaturas usadas por C&#xE9;sar Nicol&#xE1;s Penson en Cosas A&#xF1;ejas --</subfield>
    <subfield code="t">Refranes y expresiones en Cosas A&#xF1;ejas--</subfield>
    <subfield code="t">Pr&#xF3;logo a la edici&#xF3;n de 1891--</subfield>
    <subfield code="t">Drama horrendo o la mancha de sangre (Tradici&#xF3;n)--</subfield>
    <subfield code="t">Profanaci&#xF3;n!--</subfield>
    <subfield code="t">Entre dos miedos--</subfield>
    <subfield code="t">El martirio por la honra (Tradici&#xF3;n)--</subfield>
    <subfield code="t">Muerte por muerte (Tradici&#xF3;n) --</subfield>
    <subfield code="t">Los tres que echaron a Pedro entre el pozo (Tradici&#xF3;n)--</subfield>
    <subfield code="t">Coplas--</subfield>
    <subfield code="t">El santo y la colmena--</subfield>
    <subfield code="t">Las v&#xED;rgenes de Galindo (Tradici&#xF3;n)--</subfield>
    <subfield code="t">Las v&#xED;rgenes de Galindo o la Invanci&#xF3;n de los haitianos sobre la parte Espa&#xF1;ola de la isla de Santo Domingo el 9 de febrero de 1822--</subfield>
    <subfield code="t">Gobernaci&#xF3;n Civil y Militar de la provincia de Santo Domingo --</subfield>
    <subfield code="t">Advertencia --</subfield>
    <subfield code="t">Las v&#xED;rgenes de Galindo --</subfield>
    <subfield code="t">&#xCD;ndice onom&#xE1;stico.</subfield>
  </datafield>
  <datafield tag="590" ind1=" " ind2=" ">
    <subfield code="a">Inventariado, 2024 / BT</subfield>
  </datafield>
  <datafield tag="650" ind1=" " ind2="4">
    <subfield code="9">42096</subfield>
    <subfield code="a">Uso y costumbres</subfield>
    <subfield code="v">Novela</subfield>
    <subfield code="x">Ficci&#xF3;n</subfield>
    <subfield code="z">Rep&#xFA;blica Dominicana</subfield>
  </datafield>
  <datafield tag="651" ind1=" " ind2="4">
    <subfield code="9">3198</subfield>
    <subfield code="a">Rep&#xFA;blica Dominicana</subfield>
    <subfield code="x">Ficci&#xF3;n</subfield>
  </datafield>
  <datafield tag="700" ind1="1" ind2=" ">
    <subfield code="a">Alc&#xE1;ntara Alm&#xE1;nzar, Jos&#xE9;</subfield>
    <subfield code="d">1946-</subfield>
    <subfield code="e">pr&#xF3;logo</subfield>
    <subfield code="9">7018</subfield>
  </datafield>
  <datafield tag="700" ind1="1" ind2=" ">
    <subfield code="a">C&#xE9;spedes, Di&#xF3;genes,</subfield>
    <subfield code="e">presentaci&#xF3;n</subfield>
    <subfield code="9">86158</subfield>
  </datafield>
  <datafield tag="700" ind1="1" ind2=" ">
    <subfield code="a">Sim&#xF3;, Eric,</subfield>
    <subfield code="e">cuidado de edici&#xF3;n</subfield>
    <subfield code="9">313</subfield>
  </datafield>
  <datafield tag="910" ind1=" " ind2=" ">
    <subfield code="a">Btav&#xE1;rez</subfield>
  </datafield>
  <datafield tag="942" ind1=" " ind2=" ">
    <subfield code="2">ddc</subfield>
    <subfield code="c">LBS1</subfield>
  </datafield>
  <datafield tag="952" ind1=" " ind2=" ">
    <subfield code="0">0</subfield>
    <subfield code="1">0</subfield>
    <subfield code="2">ddc</subfield>
    <subfield code="5">1</subfield>
    <subfield code="7">0</subfield>
    <subfield code="8">PD</subfield>
    <subfield code="a">BNPHU</subfield>
    <subfield code="b">BNPHU</subfield>
    <subfield code="c">CT</subfield>
    <subfield code="d">2024-07-24</subfield>
    <subfield code="e">Donado por Emilio Cordero Michel</subfield>
    <subfield code="l">0</subfield>
    <subfield code="o">BNPHU PD RD863.3 P418c, 2015</subfield>
    <subfield code="p">2024-4574</subfield>
    <subfield code="r">2024-07-24</subfield>
    <subfield code="w">2024-07-24</subfield>
    <subfield code="y">LBS1</subfield>
  </datafield>
  <datafield tag="999" ind1=" " ind2=" ">
    <subfield code="c">57346</subfield>
    <subfield code="d">57346</subfield>
  </datafield>
</record>
